• 首页
  • 本馆介绍
  • 公告通知
  • 最新文献
  • 馆藏检索
  • 电子资源
  • 读者导购
  • 参考咨询
  • 我的图书馆
  • 登录
  • 详细信息显示
  • 放入我的书架
  • 预约/预借图书
  • 作者相关作品
  • 分类相关作品
  • 丛书相关作品
  • 出版社相关作品

书目信息

  • 表格格式
  • 工作单格式
  • 卡片格式
题名:
日本近代史
    
 
作者: 铃木正四 , 井上清 著 ;杨辉 译
分册: 下册  
出版信息: 北京   商务印书馆  1959.12
页数: 316-786页
开本: 19cm
丛书名:
单 册:
中图分类: K313.4
科图分类:
主题词: 东亚--历史
电子资源:
ISBN:
000 00615nam0 2200205 45
001 0405130821
005 20060814085150.51
010    @dCNY2.10
100    @a20040513d1959 km y0chiy0120 ea
101 0  @achi
200 1  @a日本近代史@h下册@ARi Ben Jin Dai Shi@f(日)井上清,铃木正四著@F(Ri)Jing Shang Qing,Ling Mu Zheng Si Zhu@g杨辉译
210    @a北京@c商务印书馆@d1959.12
215    @a316-786页@d19cm
606 0  @a东亚@x历史
690    @aK313.4@v3
701  0 @a铃木正四@4著
701  0 @a井上清@4著
702  0 @a杨辉@AYang Hui@4译
801    @aCN@bPftUser@c20060814
905    @dK313.4@e14:2@f1@b228396@f1@b200226
    
    日本近代史.下册/(日)井上清,铃木正四著/杨辉译.-北京:商务印书馆,1959.12
    316-786页;19cm
    
    
    ISBN :CNY2.10
    
●
相关链接 在E读中查询图书 在五车中查询图书 在当当中查询图书 在豆瓣中查询图书


正题名:日本近代史     索取号:K313.4/14:2         预约/预借

序号 登录号 条形码 馆藏地/架位号 状态 备注
1 0200226   001587624   第二借阅区/ [索取号:K313.4/14:2] 在馆    
2 0228396   000359454   第二样本阅览室/ [索取号:K313.4/14:2] 在馆    
3 0462280   204622809   密集书库/ [索取号:K313.4/14:2] 在馆    
唐山师范学院图书馆 欢迎您!
大连网信软件有限公司© 版权所有